000 00434nam a2200181Ia 4500
008 180921t2014 xxu||||| |||| 00| 0 sin d
041 _asin
080 _a8-31
_bFLA
100 _aFlaherty, Liam O.
245 _aසාගතය
246 _aSagathaya
260 _bGodage
_aColombo
_c2014
300 _a496p, 21cm
700 _aBandu gunasekara
_etr.
942 _cBK
999 _c12319
_d12319
003 LK-CoDNM
040 _aLK-CoDNM
_dLK-CoDNM
_eLK-CoDNM